000 00458nam a22001697a 4500
005 20251108172538.0
008 250721s2000 xx 000 0 ara d
082 1 4 _a956.411/غني
100 1 _aغنيم، أحمد
245 1 0 _aالقدس - نداء أخير /
250 _aط2.
264 1 _aالقدس :
_bمؤسسة جذور السلام،
_c2000.
300 _a199 ص.
650 1 7 _aتاريخ فلسطين
942 _2ddc
_cBK
999 _c82136
_d82136